Statistics for Obvious Quiz 2, Farm Animals

Click here to take the quiz!

General Stats

  • This quiz has been taken 81 times
  • The average score is 6 of 6

Answer Stats

HintAnswer% Correct
Milk and beefCow
100%
Eggs and meatChicken
99%
PorkPig
99%
WoolSheep
99%
Thanksgiving mealTurkey
97%
Milk and meatGoat
89%

Score Distribution

Percentile by Number Answered

Percent of People with Each Score

Your Score History

You have not taken this quiz